Magill's quotations in context (Record no. 24769)

MARC details
000 -LEADER
fixed length control field 00281nam a2200109Ia 4500
082 ## - DEWEY DECIMAL CLASSIFICATION NUMBER
Classification number 8(082.2)
Item number MAG
245 #0 - TITLE STATEMENT
Title Magill's quotations in context
260 ## - PUBLICATION, DISTRIBUTION, ETC. (IMPRINT)
Place of publication London
Name of publisher Harper and Row
Year of publication 1965
700 ## - ADDED ENTRY--PERSONAL NAME
Personal name Magill, Frank N
942 ## - ADDED ENTRY ELEMENTS (KOHA)
Koha item type Books
Holdings
Withdrawn status Lost status Damaged status Not for loan Home library Current library Date acquired Cost, normal purchase price Full call number Accession Number Koha item type
        RRII Library RRII Library 16/12/2021 145.50 8(082.2) MAG 05441 Books